000 00662cam a22002053a 4500
001 45735
003 PGUSA
005 20140828084047.0
008 140524s2014||||xxu|||||s|||||000 | eng d
040 _aPGUSA
_beng
042 _adc
100 1 _aAmerican Society of Civil Engineers
245 1 0 _aTransactions of the American Society of Civil Engineers, Vol. LXX, December, 1910
_h[electronic resource] /
_cAmerican Society of Civil Engineers
260 _bProject Gutenberg,
_c2014
506 _aPublic domain in the USA.
516 _aElectronic text
830 0 _aProject Gutenberg
_v45735
856 4 0 _uhttp://www.gutenberg.org/ebooks/45735
942 _cEB
999 _c274985
_d274985